Jornada Asgel ...
Publicado:
Barcelona :
Diputació de Barcelona. Intervenció General. Servei d'Assistència a la Gestió Econòmica Local ,
2006
Descripción Física:
66 p. ; 30 cm
MARC
| LEADER | 00000nam a2200000Ia 4500 | ||
|---|---|---|---|
| 001 | 19919, 21004, 21184 | ||
| 008 | 160829s2006- xx 000 0 cat d | ||
| 080 | |a M-5-495, M-6-124, M-6-144 | ||
| 245 | |a Jornada Asgel ... | ||
| 260 | |a Barcelona : |b Diputació de Barcelona. Intervenció General. Servei d'Assistència a la Gestió Econòmica Local, |c 2006- | ||
| 300 | |a 66 p. ; |c 30 cm | ||
| 650 | |a Economia |x Congressos |9 47087 | ||
| 650 | 0 | |a Municipis |x Govern i administració |v Congressos |9 27594 | |
| 710 | 1 | |a Barcelona (Catalunya : Província). |b Servei d’Assistència a la Gestió Econòmica Local |9 53081 | |
| 866 | |a 2006, 2007, 2008 | ||
| 901 | |a Arxiu | ||
| 942 | |n 1 | ||
| 952 | |0 0 |1 0 |4 0 |6 M5495_M6124_M6144 |7 1 |9 50653 |a Arxiu |b Arxiu |d 2016-12-01 |l 0 |o M-5-495, M-6-124, M-6-144 |p 19919, 21004, 21184 |r 2016-12-01 00:00:00 |w 2016-12-01 |y ARXIU | ||
| 999 | |c 54495 |d 54495 | ||